| 000 | 01141nam a2200241Ia 4500 | ||
|---|---|---|---|
| 003 | OSt | ||
| 005 | 20210419145643.0 | ||
| 008 | 210310s1995 ck gr 000 0 spa d | ||
| 040 |
_aCO-JMCR _cCO-JMCR |
||
| 041 | _aspa | ||
| 082 | 0 | 4 |
_a337.17 / _bK943i _223 |
| 100 | 1 |
_aKrugman, Paul, _eautor _9825 |
|
| 245 | 0 |
_aLas Américas : _bIntegración Económica en Perspectiva / _cPaul Krugman, Alan Winters, kyu Uck Lee, [y otros 13] |
|
| 260 |
_aBogotá : _bBanco Interamericano de Planeación, _c1996. |
||
| 300 |
_a434 páginas ; _c24 cm. |
||
| 504 | _aBibliografía : páginas 430-434. | ||
| 505 | _aLecciones de experiencias de integración. -- Regionalismo y proceso de especialización en américa la integración y el regionalismo en las américas. -- Coordinación de políticas en los procesos de integración protección, desgravación preferencial y normas de origen. -- Convergencia de los niveles de desarrollo. | ||
| 650 | 1 | 4 |
_ahemisferio oeste. _925720 |
| 650 | 2 | 4 |
_aIntegración económica internacional. _97032 |
| 700 | 1 |
_aWinters, Alan, _eautor _936978 |
|
| 700 | 1 |
_aUck Lee, kyu, _eautor _936979 |
|
| 942 |
_2ddc _cBK |
||
| 999 |
_c11511 _d11511 |
||